Countries with more than 10 Billionaires. - Statistics

General Stats
  • This quiz has been taken 51 times
  • The average score is 23 of 29
Answer Stats
Hint Answer % Correct
495 China
98%
43 France
96%
735 United States
96%
105 Russia
93%
63 Canada
91%
126 Germany
91%
169 India
91%
40 Japan
91%
52 United Kingdom
91%
47 Australia
89%
51 Brazil
89%
64 Italy
89%
14 Mexico
89%
27 Spain
89%
30 South Korea
87%
39 Sweden
82%
12 Netherlands
80%
41 Switzerland
80%
12 Norway
78%
11 Austria
73%
30 Indonesia
73%
26 Turkey
73%
52 Taiwan
67%
35 Singapore
64%
29 Thailand
64%
14 Philippines
60%
18 Malaysia
56%
11 Czechia
44%
30 Israel
29%
No matching quizzes found
Score Distribution
Percent of People with Each Score
Percentile by Number Answered
Your Score History
You have not taken this quiz